[Event "Haugaland Grand Prix - Åpent Rogalandsmesterskap"]
[Site "Scandic Maritim Hotel - Haugesund"]
[Date "2016.03.04"]
[Round "1"]
[White "Kizatbay, Alseit"]
[Black "Merkesvik, Amalie Isabel"]
[Result "1-0"]
[WhiteElo "1886"]
[BlackElo "1646"]
[PlyCount "71"]
[EventDate "2016.??.??"]

1. d4 d5 2. c4 c6 3. Nc3 Nf6 4. Bg5 Nbd7 5. e3 g6 6. Bd3 Bg7 7. Nge2 O-O 8. O-O
dxc4 9. Bxc4 Nb6 10. Bd3 Re8 11. Rc1 e5 12. dxe5 Rxe5 13. Bh4 Nbd5 14. a3 Re7
15. Nxd5 Qxd5 16. Nc3 Qd8 17. Qc2 Be6 18. Ne4 Re8 19. Rfd1 Qe7 20. Qc5 Qxc5 21.
Nxc5 b6 22. Nxe6 Rxe6 23. Bc4 Ree8 24. Rd6 Ne4 25. Rd7 Rf8 26. Be7 Nf6 27. Rd6
Ne4 28. Bxf8 Bxb2 29. Rcd1 Kxf8 30. Rd7 Bxa3 31. Rxf7+ Ke8 32. Rxh7 Nf6 33.
Rh8+ Bf8 34. Rd6 Nd7 35. Rxc6 a5 36. Bb5
1-0

[Event "Haugaland Grand Prix - Åpent Rogalandsmesterskap"]
[Site "Scandic Maritim Hotel - Haugesund"]
[Date "2016.03.04"]
[Round "1"]
[White "Jonvik, Aslak"]
[Black "Skrede, Snorre"]
[Result "0-1"]
[WhiteElo "1502"]
[BlackElo "1851"]
[PlyCount "74"]
[EventDate "2016.??.??"]

1. e4 c5 2. Nf3 g6 3. d4 cxd4 4. Nxd4 Nc6 5. c4 Bg7 6. Be3 Nf6 7. Nc3 Ng4 8.
Qxg4 Nxd4 9. Qd1 Ne6 10. Be2 Bxc3+ 11. bxc3 O-O 12. O-O d6 13. Bh6 Re8 14. Kh1
Qa5 15. Qd2 Qe5 16. f4 Qxe4 17. f5 Ng7 18. Rf4 Qe5 19. fxg6 hxg6 20. Re1 Nf5
21. Bd3 Qh8 22. Bg5 f6 23. Bxf5 fxg5 24. Bxg6 gxf4 25. Bxe8 Qf6 26. Ba4 Kg7 27.
Bc2 Bg4 28. Qd3 Rh8 29. h3 f3 30. Rxe7+ Qxe7 31. Qg6+ Kf8 32. Qxg4 fxg2+ 33.
Kxg2 Rg8 34. Bg6 Qf6 35. Qc8+ Kg7 36. Qxb7+ Kxg6 37. Qxa7 Kh5+
0-1

[Event "Haugaland Grand Prix - Åpent Rogalandsmesterskap"]
[Site "Scandic Maritim Hotel - Haugesund"]
[Date "2016.03.04"]
[Round "1"]
[White "Fossan, Aleksander"]
[Black "Haubrick, Sidney Junior Barreto"]
[Result "1-0"]
[WhiteElo "1835"]
[BlackElo "1721"]
[PlyCount "53"]
[EventDate "2016.??.??"]

1. e4 c5 2. c3 d6 3. d4 cxd4 4. cxd4 a6 5. Nf3 g6 6. Bc4 e6 7. O-O Bg7 8. Be3
Ne7 9. Nc3 O-O 10. Qd2 b5 11. Bd3 Bb7 12. Bh6 f5 13. Rfe1 b4 14. Bxg7 Kxg7 15.
Na4 fxe4 16. Bxe4 Nd5 17. Ng5 Rf6 18. Bxg6 Rxg6 19. Nxe6+ Rxe6 20. Rxe6 Bc8 21.
Qh6+ Kg8 22. Rxd6 Qe7 23. Rxd5 Ra7 24. Rg5+ Kh8 25. Re5 Qf7 26. Rae1 Bd7 27.
Re7
1-0

[Event "Haugaland Grand Prix - Åpent Rogalandsmesterskap"]
[Site "Scandic Maritim Hotel - Haugesund"]
[Date "2016.03.04"]
[Round "1"]
[White "Lie, Terje"]
[Black "Fossan, Benjamin"]
[Result "0-1"]
[WhiteElo "1601"]
[BlackElo "1873"]
[PlyCount "146"]
[EventDate "2016.??.??"]

1. d4 Nf6 2. c4 g6 3. Nc3 d5 4. e3 Bg7 5. Nf3 O-O 6. cxd5 Nxd5 7. Be2 c5 8. O-O
Nc6 9. a3 b6 10. Nxd5 Qxd5 11. dxc5 Qxc5 12. Qd3 Rd8 13. Qc4 Qd6 14. Ng5 Ne5
15. Qb3 e6 16. Rd1 Qe7 17. Rxd8+ Qxd8 18. Nf3 Bb7 19. Nd4 Nd7 20. Bd2 Nc5 21.
Qd1 Bxd4 22. exd4 Qxd4 23. Bc3 Qxd1+ 24. Rxd1 Bc6 25. f3 Kf8 26. b4 Nd7 27. b5
Bd5 28. Bb4+ Nc5 29. Rc1 Rc8 30. a4 Ke8 31. a5 Kd7 32. axb6 axb6 33. Be1 Ra8
34. Bf2 Ra2 35. Bf1 Kd6 36. Bg3+ e5 37. h4 f5 38. Rd1 Rc2 39. Bf2 Ke6 40. Be3
f4 41. Bf2 Nd7 42. Ra1 Ba2 43. Bd3 Rb2 44. Rc1 Bd5 45. Be1 Nc5 46. Bf1 Nb3 47.
Rd1 Nd4 48. Bf2 Nxb5 49. Rc1 Nd4 50. Rc7 h5 51. Rg7 Kf6 52. Rd7 Be6 53. Rb7 Rb1
54. Bxd4 exd4 55. Rc7 d3 56. Kf2 d2 57. Be2 d1=Q 58. Bxd1 Rxd1 59. Rc6 Rd2+ 60.
Kg1 b5 61. Rb6 Rb2 62. Kh2 b4 63. Kg1 b3 64. Kh2 Rc2 65. Rb4 b2 66. Rxf4+ Kg7
67. Rb4 Ba2 68. f4 b1=Q 69. Rxb1 Bxb1 70. Kh3 Rc3+ 71. g3 Bf5+ 72. Kg2 Bg4 73.
Kf2 Kf6
0-1

[Event "Haugaland Grand Prix - Åpent Rogalandsmesterskap"]
[Site "Scandic Maritim Hotel - Haugesund"]
[Date "2016.03.04"]
[Round "1"]
[White "Areklett, Ivar"]
[Black "Emberland, Even"]
[Result "1-0"]
[WhiteElo "2016"]
[BlackElo "1896"]
[PlyCount "63"]
[EventDate "2016.??.??"]

1. e4 c5 2. Nf3 d6 3. Bb5+ Bd7 4. Bxd7+ Qxd7 5. O-O Nc6 6. c3 g6 7. d4 cxd4 8.
cxd4 Bg7 9. Nc3 e6 10. Bg5 h6 11. Be3 Nf6 12. d5 exd5 13. exd5 Ne7 14. Qd2 Nf5
15. Bf4 O-O 16. h3 g5 17. Bh2 Rfe8 18. Rfe1 Rac8 19. Rad1 Ne7 20. Qd3 Rc5 21.
b4 Rcc8 22. a3 Ng4 23. Qb5 Qd8 24. hxg4 Bxc3 25. Re3 Rc7 26. Bxd6 Qxd6 27.
Qxe8+ Kg7 28. Qb5 Bf6 29. Qd3 Rc3 30. Qd2 Rxe3 31. Qxe3 Ng6 32. Nd4
1-0

[Event "Haugaland Grand Prix - Åpent Rogalandsmesterskap"]
[Site "Scandic Maritim Hotel - Haugesund"]
[Date "2016.03.04"]
[Round "1"]
[White "Merkesvik, Sondre"]
[Black "Ali, Karim"]
[Result "1-0"]
[WhiteElo "2230"]
[BlackElo "1789"]
[PlyCount "89"]
[EventDate "2016.??.??"]

1. Nf3 e6 2. d4 Nf6 3. g3 d5 4. c4 Bb4+ 5. Nbd2 dxc4 6. Qa4+ Nc6 7. a3 Be7 8.
Bg2 O-O 9. Qxc4 Qd6 10. e4 e5 11. d5 Nb8 12. Qc3 Nbd7 13. Nc4 Qa6 14. Nfxe5
Nxe5 15. Nxe5 Bd6 16. Bg5 Nxd5 17. exd5 Re8 18. f4 f6 19. O-O-O fxe5 20. Rde1
e4 21. Bxe4 Bd7 22. Qd3 Rxe4 23. Qxe4 Bxa3 24. bxa3 Qxa3+ 25. Kd2 Qb2+ 26. Ke3
Re8 27. Be7 Kf7 28. Kf3 Bh3 29. Re2 Qb3+ 30. Kf2 Qb6+ 31. Qe3 Qxe3+ 32. Rxe3
Rxe7 33. Rc1 Rd7 34. Rec3 Rxd5 35. Rxc7+ Kf6 36. Rxb7 Rd2+ 37. Ke3 Ra2 38. Rc6+
Be6 39. g4 Ra3+ 40. Kf2 Ra2+ 41. Kg3 Ra3+ 42. Kh4 h6 43. f5 g5+ 44. fxg6 Ra4
45. Rxe6+
1-0

[Event "Haugaland Grand Prix - Åpent Rogalandsmesterskap"]
[Site "Scandic Maritim Hotel - Haugesund"]
[Date "2016.03.04"]
[Round "1"]
[White "Mansoor, Afras"]
[Black "Vestly, Jan Vidar"]
[Result "0-1"]
[WhiteElo "1747"]
[BlackElo "2047"]
[PlyCount "114"]
[EventDate "2016.??.??"]

1. d4 Nf6 2. Bg5 c5 3. Bxf6 exf6 4. d5 d6 5. c4 g6 6. Nc3 Bg7 7. e3 O-O 8. Be2
Na6 9. a3 Nc7 10. Nf3 Bd7 11. O-O Rb8 12. a4 a6 13. Qc2 b5 14. axb5 axb5 15. b3
f5 16. Ra7 Ra8 17. Ra2 Rxa2 18. Nxa2 b4 19. Nd2 Qe7 20. Nc1 Ra8 21. Bd3 Ne8 22.
Re1 Nf6 23. Kf1 Ng4 24. h3 Ne5 25. Ne2 Qh4 26. Nf4 g5 27. Ne2 f4 28. exf4 gxf4
29. Ng1 Nxd3 30. Qxd3 Bd4 31. Qf3 Ra2 32. Rd1 Bf5 33. Ne2 Bc2 34. Re1 Bd3 35.
Rd1 Bc2 36. Re1 Be5 37. Qg4+ Qxg4 38. hxg4 Bd3 39. Rd1 Bc3 40. Ke1 Bc2 41. Rc1
Bxd2+ 42. Kxd2 Bxb3+ 43. Kd3 f3 44. gxf3 Ba4 45. Nf4 Rxf2 46. Ke3 Ra2 47. Nd3
Bc2 48. Nf4 b3 49. Kd2 b2 50. Kxc2 bxc1=Q+ 51. Kxc1 Ra4 52. Kd2 Rxc4 53. Ke3
Rxf4 54. Kxf4 Kg7 55. Ke4 Kf6 56. f4 Kg6 57. g5 f6
0-1

[Event "Haugaland Grand Prix - Åpent Rogalandsmesterskap"]
[Site "Scandic Maritim Hotel - Haugesund"]
[Date "2016.03.04"]
[Round "1"]
[White "Melkevik, Egil"]
[Black "Ferkingstad, Sjur"]
[Result "0-1"]
[WhiteElo "1837"]
[BlackElo "2300"]
[PlyCount "60"]
[EventDate "2016.??.??"]

1. e4 e6 2. d3 d5 3. Nd2 Nf6 4. g3 c5 5. Qe2 Be7 6. Bg2 Nc6 7. Ngf3 Qc7 8. O-O
O-O 9. Re1 b6 10. Nf1 Ba6 11. exd5 Nxd5 12. Ng5 Nd4 13. Qd1 Rad8 14. Be4 Nf6
15. Bf4 Qd7 16. Be5 Nxe4 17. Nxe4 f5 18. Ned2 Bb7 19. Bxd4 cxd4 20. Qe2 Rf6 21.
Nf3 Qc6 22. N1d2 g5 23. Qe5 Rd5 24. Qe2 g4 25. c4 dxc3 26. Rac1 gxf3 27. Qe3
Bc5 28. d4 cxd2 29. Qxd2 Rxd4 30. Qg5+ Rg6
0-1

[Event "Haugaland Grand Prix - Åpent Rogalandsmesterskap"]
[Site "Scandic Maritim Hotel - Haugesund"]
[Date "2016.03.05"]
[Round "2"]
[White "Vestly, Jan Vidar"]
[Black "Kizatbay, Alseit"]
[Result "1-0"]
[WhiteElo "2047"]
[BlackElo "1886"]
[PlyCount "109"]
[EventDate "2016.??.??"]

1. d4 Nf6 2. Nf3 g6 3. Bf4 Bg7 4. e3 c5 5. c3 O-O 6. Nbd2 d6 7. h3 Nc6 8. Be2
Be6 9. dxc5 dxc5 10. Qc2 Qc8 11. O-O h6 12. Bc4 Bxc4 13. Nxc4 b5 14. Nce5 Nd7
15. Nxd7 Qxd7 16. Rfd1 Qe6 17. Qb3 Qxb3 18. axb3 e5 19. Bg3 Rfd8 20. Rxd8+ Rxd8
21. Ra6 Rc8 22. Nd2 f5 23. f3 Kf7 24. Nb1 Rc7 25. Na3 Nb8 26. Rd6 a6 27. Rb6
Rc8 28. Rb7+ Kg8 29. Kf1 Bf6 30. Ke2 Bg7 31. Rb6 Kf7 32. Nb1 Bf6 33. Nd2 h5 34.
e4 f4 35. Bf2 h4 36. Bxc5 Nd7 37. Rb7 Rxc5 38. Rxd7+ Ke6 39. Ra7 Rc6 40. b4 Be7
41. Nb3 Bd6 42. Rg7 Kf6 43. Rh7 g5 44. Na5 Rc7 45. Rh6+ Ke7 46. Rg6 Rd7 47.
Rxg5 Kf6 48. Rh5 Rg7 49. Rh6+ Ke7 50. Kf1 Kd7 51. Rxh4 Kc7 52. Rg4 Rd7 53. Ke2
Rh7 54. Rg6 Rd7 55. Nb3
1-0

[Event "Haugaland Grand Prix - Åpent Rogalandsmesterskap"]
[Site "Scandic Maritim Hotel - Haugesund"]
[Date "2016.03.05"]
[Round "2"]
[White "Skrede, Snorre"]
[Black "Areklett, Ivar"]
[Result "1-0"]
[WhiteElo "1851"]
[BlackElo "2016"]
[PlyCount "67"]
[EventDate "2016.??.??"]

1. d4 Nf6 2. c4 Nc6 3. Nc3 e5 4. Nf3 d6 5. g3 Nd7 6. d5 Ne7 7. Bg2 g6 8. Bg5
Bg7 9. O-O h6 10. Bd2 O-O 11. e4 Kh7 12. Ne1 f5 13. Nd3 Nf6 14. f4 fxe4 15.
Nxe4 Bf5 16. Nxf6+ Bxf6 17. fxe5 Bxd3 18. Rxf6 Bxc4 19. Rxf8 Qxf8 20. Rc1 Bxd5
21. Rxc7 Qd8 22. Qc2 Bxg2 23. Kxg2 Rc8 24. Rxe7+ Qxe7 25. Qxc8 dxe5 26. Bc3 h5
27. Qb8 h4 28. Qxe5 h3+ 29. Kg1 Qf8 30. Qe4 Qc5+ 31. Qd4 Qf8 32. Qh4+ Kg8 33.
Qh8+ Kf7 34. Qxf8+
1-0

[Event "Haugaland Grand Prix - Åpent Rogalandsmesterskap"]
[Site "Scandic Maritim Hotel - Haugesund"]
[Date "2016.03.05"]
[Round "2"]
[White "Ferkingstad, Sjur"]
[Black "Fossan, Aleksander"]
[Result "1-0"]
[WhiteElo "2300"]
[BlackElo "1835"]
[PlyCount "95"]
[EventDate "2016.??.??"]

1. e4 c5 2. Nc3 g6 3. f4 Bg7 4. Nf3 Nc6 5. Bb5 Nd4 6. O-O Nxb5 7. Nxb5 d5 8. e5
a6 9. Nc3 Bg4 10. d4 c4 11. h3 Bxf3 12. Qxf3 e6 13. b3 Rc8 14. Na4 Bf8 15. c3
b5 16. Nb2 Nh6 17. Nd1 Be7 18. b4 Nf5 19. g4 Nh4 20. Qf2 h5 21. Ne3 hxg4 22.
hxg4 Kd7 23. a4 Qg8 24. axb5 Qh7 25. Ra2 axb5 26. Qg3 Ra8 27. Rff2 Nf5 28. Qg2
Rxa2 29. Rxa2 Ng3 30. Nxd5 Qh1+ 31. Qxh1 Rxh1+ 32. Kg2 exd5 33. Be3 Bh4 34.
Ra7+ Ke6 35. Ra6+ Kd7 36. Bf2 Rc1 37. Bxg3 Rc2+ 38. Kh3 Bxg3 39. Kxg3 Rxc3+ 40.
Kh4 Rd3 41. Rd6+ Kc7 42. Rxd5 Kc6 43. Rc5+ Kb6 44. d5 c3 45. d6 f6 46. exf6
Rxd6 47. Kg5 Rd4 48. f7
1-0

[Event "Haugaland Grand Prix - Åpent Rogalandsmesterskap"]
[Site "Scandic Maritim Hotel - Haugesund"]
[Date "2016.03.05"]
[Round "2"]
[White "Fossan, Benjamin"]
[Black "Merkesvik, Sondre"]
[Result "0-1"]
[WhiteElo "1873"]
[BlackElo "2230"]
[PlyCount "82"]
[EventDate "2016.??.??"]

1. e4 Nf6 2. e5 Nd5 3. c4 Nb6 4. d4 d6 5. exd6 exd6 6. Nc3 Be7 7. Nf3 Bg4 8.
Be2 Nc6 9. O-O O-O 10. b3 Bf6 11. Be3 Re8 12. Qd2 d5 13. c5 Nc8 14. h3 Bh5 15.
b4 Nxb4 16. Rab1 Nc6 17. Rxb7 Na5 18. Rb4 h6 19. g4 Bg6 20. Ne1 Ne7 21. Ng2
Nec6 22. Ra4 Nc4 23. Bxc4 dxc4 24. d5 Bxc3 25. Qxc3 Qxd5 26. Nf4 Qf3 27. Nxg6
fxg6 28. Qxc4+ Kh7 29. Kh2 Ne5 30. Qc2 Rad8 31. Rf4 Qd5 32. Kg3 Nd3 33. Rc4 Rf8
34. f4 Rfe8 35. Bg1 Ne1 36. Rxe1 Rxe1 37. Bf2 Qd3+ 38. Kg2 Qf1+ 39. Kh2 Re2 40.
Qb3 Qxf2+ 41. Kh1 Re1#
0-1

[Event "Haugaland Grand Prix - Åpent Rogalandsmesterskap"]
[Site "Scandic Maritim Hotel - Haugesund"]
[Date "2016.03.05"]
[Round "2"]
[White "Melkevik, Johannes"]
[Black "Myge, Håvard"]
[Result "1/2-1/2"]
[WhiteElo "2054"]
[BlackElo "1841"]
[PlyCount "95"]
[EventDate "2016.??.??"]

1. f4 Nf6 2. Nf3 c5 3. g3 d5 4. Bg2 g6 5. O-O Bg7 6. d3 O-O 7. c3 Nbd7 8. Qe1
Qb6 9. Kh1 d4 10. Nbd2 Ng4 11. Nc4 Qc7 12. h3 b5 13. Na3 Ne3 14. Bxe3 dxe3 15.
Nc2 Rb8 16. Nxe3 e5 17. f5 Nf6 18. g4 e4 19. Ng5 exd3 20. exd3 Bb7 21. fxg6
hxg6 22. Qh4 Bxg2+ 23. Nxg2 Rfe8 24. Rae1 Qc6 25. Qf2 Qd5 26. Ne4 Nxe4 27. dxe4
Rxe4 28. Rxe4 Qxe4 29. Qxf7+ Kh8 30. Qf4 Re8 31. Re1 Qc6 32. Rxe8+ Qxe8 33. Qe3
Qf8 34. Nf4 Qd6 35. Qe4 Kh7 36. Kg2 Bh6 37. Nd5 c4 38. h4 Bc1 39. g5 Kg7 40.
Qd4+ Kf8 41. b4 a6 42. Kf3 Qe6 43. Qh8+ Kf7 44. Qf6+ Qxf6+ 45. Nxf6 Bd2 46. Nd5
Ke6 47. Ke4 Be1 48. Nf4+
1/2-1/2

[Event "Haugaland Grand Prix - Åpent Rogalandsmesterskap"]
[Site "Scandic Maritim Hotel - Haugesund"]
[Date "2016.03.05"]
[Round "2"]
[White "Grotle, Ramona"]
[Black "Sande, Oddmund"]
[Result "0-1"]
[WhiteElo "1630"]
[BlackElo "1889"]
[PlyCount "74"]
[EventDate "2016.??.??"]

1. e4 g6 2. Nf3 Bg7 3. d4 d6 4. Be3 Nf6 5. Bd3 O-O 6. h3 Nc6 7. c3 e5 8. d5 Ne7
9. Nbd2 a6 10. Qc2 b5 11. c4 bxc4 12. Nxc4 Bd7 13. Rc1 Ne8 14. Ke2 f5 15. Bg5
fxe4 16. Bxe4 Nf6 17. Bxf6 Rxf6 18. Ncxe5 dxe5 19. d6 Bb5+ 20. Ke1 cxd6 21.
Bxa8 Qxa8 22. Qb3+ Kh8 23. Rc7 Qe4+ 24. Qe3 Qxe3+ 25. fxe3 Nd5 26. Rc8+ Rf8 27.
Rxf8+ Bxf8 28. Kf2 Kg7 29. Ng5 Be7 30. Ne4 Nb4 31. Nc3 Nd3+ 32. Kg3 Bc6 33. b3
e4 34. h4 Bf6 35. Ne2 Be5+ 36. Nf4 h6 37. Kh3 Nf2+
0-1

[Event "Haugaland Grand Prix - Åpent Rogalandsmesterskap"]
[Site "Scandic Maritim Hotel - Haugesund"]
[Date "2016.03.05"]
[Round "2"]
[White "Emberland, Even"]
[Black "Mansoor, Afras"]
[Result "1/2-1/2"]
[WhiteElo "1896"]
[BlackElo "1747"]
[PlyCount "100"]
[EventDate "2016.??.??"]

1. d4 Nf6 2. Bg5 Ne4 3. Bf4 d5 4. e3 c5 5. c3 Nc6 6. Bd3 Nf6 7. Nf3 Bg4 8. Nbd2
e6 9. O-O Be7 10. a3 O-O 11. b4 c4 12. Bc2 Nh5 13. h3 Bxf3 14. Nxf3 Nxf4 15.
exf4 Bf6 16. Ne5 Bxe5 17. fxe5 Ne7 18. Qh5 g6 19. Qe2 a5 20. g4 Qd7 21. Rfb1
axb4 22. axb4 b5 23. f4 Ra7 24. Qf1 Rfa8 25. Rxa7 Rxa7 26. Ra1 Nc6 27. Kg2 Rxa1
28. Qxa1 Qa7 29. Qxa7 Nxa7 30. f5 Nc8 31. Kf2 Kf8 32. h4 Nb6 33. Ke3 Kg7 34.
f6+ Kg8 35. g5 Kf8 36. Kd2 Ke8 37. Bd1 Kd8 38. h5 Kc7 39. hxg6 hxg6 40. Bc2 Kc6
41. Ke3 Nd7 42. Kf4 Kc7 43. Bb1 Kd8 44. Bc2 Nb6 45. Ke3 Nc8 46. Kf4 Nb6 47. Ke3
Ke8 48. Kd2 Kd7 49. Ke3 Kc6 50. Kd2 Nd7
1/2-1/2

[Event "Haugaland Grand Prix - Åpent Rogalandsmesterskap"]
[Site "Scandic Maritim Hotel - Haugesund"]
[Date "2016.03.05"]
[Round "2"]
[White "Haubrick, Sidney Junior Barreto"]
[Black "Jonvik, Aslak"]
[Result "0-1"]
[WhiteElo "1721"]
[BlackElo "1502"]
[PlyCount "62"]
[EventDate "2016.??.??"]

1. c4 Nf6 2. Nc3 e6 3. a3 d5 4. e3 c5 5. Nf3 Nc6 6. b3 a6 7. Bb2 Bd6 8. Qc2 O-O
9. Bd3 Qc7 10. cxd5 exd5 11. Ng5 Ne5 12. Bxh7+ Kh8 13. h3 g6 14. O-O-O Bf5 15.
d3 Nxd3+ 16. Rxd3 c4 17. Nxd5 Qd8 18. Nxf6 cxd3 19. Nfe4+ f6 20. Qxd3 Rc8+ 21.
Kb1 Qe7 22. f3 Be5 23. Bxe5 Qxe5 24. h4 Rc3 25. f4 Rxd3 26. fxe5 fxg5 27. hxg5
Kg7 28. Rh4 Rxe3 29. e6 Rxe4 30. Rxe4 Kxh7 31. Kb2 Bxe4
0-1

[Event "Haugaland Grand Prix - Åpent Rogalandsmesterskap"]
[Site "Scandic Maritim Hotel - Haugesund"]
[Date "2016.03.05"]
[Round "2"]
[White "Ali, Karim"]
[Black "Melkevik, Egil"]
[Result "1-0"]
[WhiteElo "1789"]
[BlackElo "1837"]
[PlyCount "89"]
[EventDate "2016.??.??"]

1. d4 c6 2. c4 d6 3. Nc3 Qc7 4. e4 e5 5. Nf3 Bg4 6. Be2 Nd7 7. h3 Bh5 8. g4 Bg6
9. Nh4 Ngf6 10. Nxg6 hxg6 11. Be3 Be7 12. Qc2 Qa5 13. O-O-O Rc8 14. Kb1 d5 15.
dxe5 Nxe5 16. exd5 cxd5 17. Nxd5 b5 18. Nxe7 Kxe7 19. c5 Rhd8 20. g5 Nfd7 21.
Qe4 Kf8 22. f4 Nc6 23. Bg4 f5 24. gxf6 Nxf6 25. Rxd8+ Qxd8 26. Qxg6 Ne7 27. Qc2
Nxg4 28. hxg4 Qd5 29. Rh8+ Ng8 30. Rh5 Qd7 31. Rf5+ Nf6 32. g5 Qe6 33. Re5 Qh3
34. gxf6 gxf6 35. Qf5 Qh1+ 36. Kc2 Qg2+ 37. Kb3 Rc6 38. Re6 Rxe6 39. Qxe6 Qe2
40. Qxf6+ Ke8 41. Qd4 a5 42. c6 a4+ 43. Kb4 Qe1+ 44. Kxb5 Qe2+ 45. Kb6
1-0

[Event "Haugaland Grand Prix - Åpent Rogalandsmesterskap"]
[Site "Scandic Maritim Hotel - Haugesund"]
[Date "2016.03.05"]
[Round "3"]
[White "Merkesvik, Sondre"]
[Black "Vestly, Jan Vidar"]
[Result "1/2-1/2"]
[WhiteElo "2230"]
[BlackElo "2047"]
[PlyCount "118"]
[EventDate "2016.??.??"]

1. d4 Nf6 2. Nf3 d5 3. g3 c6 4. Bg2 Bf5 5. O-O e6 6. b3 Nbd7 7. c4 Be7 8. Bb2
O-O 9. Nc3 Ne4 10. Nd2 Nxc3 11. Bxc3 Nf6 12. Re1 a5 13. e4 Nxe4 14. Nxe4 Bxe4
15. Bxe4 dxe4 16. Rxe4 Bf6 17. Qf3 a4 18. Rae1 axb3 19. axb3 b5 20. Bb4 Re8 21.
Bc5 bxc4 22. bxc4 Ra4 23. Qb3 Qa8 24. h4 Rb8 25. Qf3 Rxc4 26. Rg4 Kh8 27. Rf4
Qa5 28. Rd1 Qd8 29. Qxc6 e5 30. Rf5 exd4 31. Qa6 Rc2 32. Qa4 d3 33. Be3 Rbc8
34. Qe4 R2c4 35. Qf3 Rc3 36. Rd5 Qe8 37. R5xd3 Rxd3 38. Rxd3 Rd8 39. Ra3 Qd7
40. Kh2 Qd5 41. Qf4 Ra8 42. Qb4 h6 43. Rxa8+ Qxa8 44. Qd6 Qd8 45. Qxd8+ Bxd8
46. Bd4 h5 47. Kg2 Kg8 48. Kf3 g6 49. Kf4 f5 50. f3 Kf7 51. Be5 Ke6 52. Bb8 Ba5
53. Kg5 Kf7 54. Bf4 Bd8+ 55. Kh6 Bf6 56. Kh7 Bg7 57. Bg5 Be5 58. Bf4 Bd4 59.
Bd6 Bg7
1/2-1/2

[Event "Haugaland Grand Prix - Åpent Rogalandsmesterskap"]
[Site "Scandic Maritim Hotel - Haugesund"]
[Date "2016.03.05"]
[Round "3"]
[White "Mansoor, Afras"]
[Black "Grotle, Ramona"]
[Result "0-1"]
[WhiteElo "1747"]
[BlackElo "1630"]
[PlyCount "116"]
[EventDate "2016.??.??"]

1. d4 Nf6 2. Bg5 d5 3. Bxf6 exf6 4. e3 Bd6 5. Bd3 Nc6 6. c3 Be6 7. Nd2 Ne7 8.
Qc2 Qd7 9. Ne2 c6 10. O-O Qc7 11. Kh1 Bg4 12. h3 h5 13. c4 Qd7 14. Ng1 g5 15.
e4 Kf8 16. c5 Bf4 17. Qc3 Bxd2 18. Qxd2 dxe4 19. Bxe4 Bf5 20. Bxf5 Nxf5 21.
Rad1 Rd8 22. Qc3 Qd5 23. Qf3 g4 24. Qf4 Rg8 25. f3 gxh3 26. Nxh3 Ng3+ 27. Kh2
Nxf1+ 28. Rxf1 Qxd4 29. Qh6+ Ke7 30. Re1+ Kd7 31. Qc1 Kc7 32. Nf4 Rge8 33. Rxe8
Rxe8 34. Nh3 Qe5+ 35. f4 Qd5 36. Qc3 Re2 37. Qg3 Rxb2 38. a4 Ra2 39. Qg7 a5 40.
Ng1 Rxa4 41. Qxf6 Qe6 42. Qg5 Rd4 43. Nf3 Rd5 44. Qg3 Rxc5 45. Ng5 Qf5 46. Qe3
Rd5 47. Nh3 Qe6 48. Qc3 a4 49. Qb4 b5 50. Qa5+ Kb7 51. Qb4 Qd6 52. Qc3 a3 53.
Qb3 b4 54. Qc4 Qc5 55. Qe2 b3 56. Qe8 b2 57. Qxf7+ Ka6 58. Qh7 a2
0-1

[Event "Haugaland Grand Prix - Åpent Rogalandsmesterskap"]
[Site "Scandic Maritim Hotel - Haugesund"]
[Date "2016.03.05"]
[Round "3"]
[White "Sande, Oddmund"]
[Black "Merkesvik, Amalie Isabel"]
[Result "1-0"]
[WhiteElo "1889"]
[BlackElo "1646"]
[PlyCount "47"]
[EventDate "2016.??.??"]

1. d4 d5 2. c4 c6 3. Nc3 Nf6 4. Nf3 dxc4 5. a4 e6 6. e3 Be7 7. Bxc4 O-O 8. O-O
a5 9. Ne5 Nbd7 10. f4 Nb6 11. Bd3 Nbd5 12. Bd2 Nxc3 13. bxc3 c5 14. Rb1 cxd4
15. exd4 Nd5 16. Qh5 h6 17. Rf3 Nf6 18. Qh3 Kh8 19. g4 Ng8 20. g5 b6 21. Be4
Ra6 22. Qh5 Bd6 23. Nxf7+ Rxf7 24. Qxf7
1-0

[Event "Haugaland Grand Prix - Åpent Rogalandsmesterskap"]
[Site "Scandic Maritim Hotel - Haugesund"]
[Date "2016.03.04"]
[Round "3"]
[White "Kizatbay, Alseit"]
[Black "Ali, Karim"]
[Result "1-0"]
[WhiteElo "1886"]
[BlackElo "1789"]
[PlyCount "121"]
[EventDate "2016.??.??"]

1. d4 e6 2. c4 Nf6 3. Nc3 d5 4. cxd5 exd5 5. Bg5 Be7 6. e3 c6 7. Bd3 Ne4 8.
Bxe7 Qxe7 9. Nge2 Nd7 10. O-O Ndf6 11. Rb1 O-O 12. b4 Bg4 13. Qc2 Rac8 14. a4
Nd6 15. Ng3 g6 16. Rfe1 h5 17. f3 h4 18. Nh1 Be6 19. e4 dxe4 20. fxe4 Nc4 21.
Bxc4 Bxc4 22. e5 Nh5 23. Ne4 Bd5 24. Nhf2 Kg7 25. Ng4 Bxe4 26. Rxe4 Qg5 27. Qf2
Rce8 28. Rf1 h3 29. g3 Kh7 30. Nf6+ Nxf6 31. Qxf6 Qxf6 32. Rxf6 Re6 33. g4 g5
34. Rf3 Rh6 35. Ree3 Kg7 36. Rxh3 Rxh3 37. Rxh3 Rd8 38. Rd3 b6 39. Kf2 c5 40.
bxc5 bxc5 41. Ke3 cxd4+ 42. Rxd4 Re8 43. Rd5 Kg6 44. Rd6+ Kg7 45. Ke4 Rh8 46.
Ra6 Rxh2 47. Rxa7 Re2+ 48. Kf5 Kf8 49. a5 Re1 50. a6 Ra1 51. Kxg5 Ke8 52. e6
fxe6 53. Kf6 Rf1+ 54. Kxe6 Re1+ 55. Kf6 Rf1+ 56. Kg6 Ra1 57. g5 Kd8 58. Kg7 Ke8
59. g6 Ra2 60. Ra8+ Kd7 61. a7
1-0

[Event "Haugaland Grand Prix - Åpent Rogalandsmesterskap"]
[Site "Scandic Maritim Hotel - Haugesund"]
[Date "2016.03.05"]
[Round "3"]
[White "Areklett, Ivar"]
[Black "Fossan, Benjamin"]
[Result "1-0"]
[WhiteElo "2016"]
[BlackElo "1873"]
[PlyCount "69"]
[EventDate "2016.??.??"]

1. e4 c5 2. Nf3 g6 3. d4 cxd4 4. Qxd4 Nf6 5. Nc3 Nc6 6. Qa4 d6 7. e5 Nd7 8.
exd6 Nc5 9. Qc4 exd6 10. Bg5 Be7 11. Qh4 f6 12. Bh6 Be6 13. Bg7 g5 14. Qh5+ Bf7
15. Qh6 Rg8 16. Qxh7 Ne6 17. Bh6 Qb6 18. O-O-O g4 19. Be3 Qa5 20. Nd4 Nexd4 21.
Bxd4 Nxd4 22. Rxd4 Qg5+ 23. Kb1 f5 24. Bd3 Qf6 25. Rf4 Be6 26. Rxf5 Qd4 27. Re1
Rg7 28. Qh8+ Bg8 29. Re4 Qb6 30. Qxg7 O-O-O 31. Rxe7 Kb8 32. Rf8 a6 33. Rxb7+
Qxb7 34. Rxd8+ Ka7 35. Rd7
1-0

[Event "Haugaland Grand Prix - Åpent Rogalandsmesterskap"]
[Site "Scandic Maritim Hotel - Haugesund"]
[Date "2016.03.05"]
[Round "3"]
[White "Ferkingstad, Sjur"]
[Black "Skrede, Snorre"]
[Result "1-0"]
[WhiteElo "2300"]
[BlackElo "1851"]
[PlyCount "75"]
[EventDate "2016.??.??"]

1. e4 e5 2. f4 exf4 3. Nf3 d6 4. d4 Nf6 5. Nc3 Bg4 6. Bxf4 Be7 7. Be2 O-O 8.
Qd2 c6 9. O-O-O Qa5 10. h3 Be6 11. a3 Re8 12. g4 Na6 13. Ng5 Rad8 14. Nxe6 fxe6
15. g5 Nd7 16. h4 Rf8 17. Rdg1 e5 18. Be3 exd4 19. Bxd4 Ne5 20. h5 Nf3 21. Bxf3
Rxf3 22. Kb1 Nc7 23. Qe2 Rdf8 24. h6 g6 25. e5 dxe5 26. Bxe5 Nd5 27. Nxd5 Qxd5
28. Bg7 R8f7 29. Rh4 Qc5 30. Bd4 Qf5 31. Re4 Rf1+ 32. Ka2 Rxg1 33. Rxe7 Rh1 34.
Re8+ Rf8 35. Re5 Qf1 36. Re7 Qxe2 37. Rg7+ Kh8 38. Rxg6+
1-0

[Event "Haugaland Grand Prix - Åpent Rogalandsmesterskap"]
[Site "Scandic Maritim Hotel - Haugesund"]
[Date "2016.03.05"]
[Round "3"]
[White "Jonvik, Aslak"]
[Black "Lie, Terje"]
[Result "1-0"]
[WhiteElo "1502"]
[BlackElo "1601"]
[PlyCount "61"]
[EventDate "2016.??.??"]

1. e4 d6 2. d4 Nf6 3. Nc3 g6 4. Be3 c6 5. Bc4 b5 6. Bb3 b4 7. e5 Ng4 8. Qf3 d5
9. Nxd5 Nxe3 10. fxe3 e6 11. Nf6+ Ke7 12. d5 exd5 13. Nxd5+ Ke8 14. O-O-O Be6
15. Nf6+ Ke7 16. Rxd8 Kxd8 17. Ba4 Bc5 18. Ne4 Bd5 19. Qf6+ Be7 20. Qxh8+ Kd7
21. Nf3 Bxe4 22. Rd1+ Kc7 23. Qe8 Bc5 24. Qxf7+ Kb6 25. Nd4 Na6 26. Qd7 Nb8 27.
Qd8+ Kb7 28. e6 Bb6 29. e7 Na6 30. Qxa8+ Kxa8 31. e8=Q+
1-0